000 00605nam a2200193 i 4500
001 30471
003 ES-MaACL
005 20250822063115.0
007 t|
008 030124s1933 fr ||||1| fre d
100 1 _aBarthélemy, Joseph,
_d1874-1945
_926120
245 1 0 _aTraité de droit constitutionnel /
_cpar Joseph Barthelemy et Paul Duez.
260 _aParís :
_b[s.n.],
_c1933 (
_eLille :
_fEtabl. Bogery)
300 _a956 p. ;
_c24 cm.
650 4 _aDerecho constitucional-
_zFrancia.
_9152211
700 1 _aDuez, Paul.
_945885
852 _aES-MaACL
_jA-1336
999 _c30471
_d30471